00570nam a2200169Ia 4500952013500000999001700135003000400152005001700156008004100173040000900214082002000223100002100243245003800264260004300302300000900345942004600354 00102ddc40708HISTORYaMESbMEScHISd2019-02-20g125.00l0o954.5035 GAJ/Pp16970r2019-02-20 00:00:00w2019-02-20yBKzGL37R4 c19917d19917OSt20200623124956.0190216s9999||||xx |||||||||||||| ||und|| coclc a954.5035bGAJ/P aGajrani, S93135 0aPeasants And Princes /cS Gajrani bAnmol Publications,c1987.aNew Delhi: a216p cBK2ddch954.5035iGAJ/Pk954.5035mGAJ/P